Responses for Show #1051 - Monday, March 13, 1989

Contestants

[<< previous game]

Dave Boyd, a patient unit clerk from Galesburg, Illinois

Susan Baker, a sales manager originally from Illinois

Paul Mathless, an editor from Washington, D.C. (whose 2-day cash winnings total $28,300)

[next game >>]

Jeopardy! Round responses

U.S. CITIES
REFERENCE BOOKS
WICKED WOMEN
SPORTS
ROCK 'N' ROLL FILMS
POTABLE ANAGRAMS
    $100 17
Washington, D.C.

Dave
    $100 4
thesaurus

Dave
    $100 12
Mata Hari

Dave
    $100 1
hounds

Paul
    $100 5
(What is Beach Blanket Bingo?)

Beach Party

Dave
Triple Stumper
    $100 7
lemonade

Susan
    $200 18
Philadelphia

Paul
    $200 13
peanuts

Dave
    $200 22
Bonnie Parker

Paul
    $200 2
(Dave: What is brown?)

white

PaulDave
    $200 6
Jerry Lee Lewis

Triple Stumper
    $200 8
Sanka

Dave
    $300 19
San Francisco

Dave
    $300 14
Oxford

Dave
    $300 25
Lucrezia Borgia

Dave
    $300 3
suit of lights

Susan
    $300 9
martini

Dave
    $400 21
Independence

Susan
    $400 15
(Alex: Yes, and as a matter of fact they were all hosted by our announcer, Johnny Gilbert, a few years ago. We won't mention how many.)

game shows

Dave
    $400 26
"Squeaky"

Susan
    $400 20
foil

Susan
    $400 10
(Paul: What is...?)

tequila

PaulSusan
    $500 24
Chicago

Paul
    $500 16
Samuel Johnson

Paul
    $500 27
[The end-of-round signal sounds.]

Ma Barker

Susan
    $500 23
(Paul: What is the bends?)
...
(Alex: We've got less than a minute to go.)

nitrogen narcosis (rapture of the deep)

Paul
Triple Stumper
    $500 11
sidecars

Triple Stumper

Scores at the first commercial break (after clue 11):

Paul Susan Dave
-$100 $800 $300

Scores at the end of the Jeopardy! Round:

Paul Susan Dave
$800 $2,500 $2,000

Double Jeopardy! Round responses

FAMOUS QUOTES
THE U.N.
MYTHOLOGY
THE CIVIL WAR
STATE BIRDS
ENDS IN "ELLA"
    $500 8
W.C. Fields

Susan
    $200 3
blue

Dave
    $200 21
Echo

Dave
    $200 1
Robert E. Lee

Paul
    $200 16
novella

Dave
    $400 9
ammunition

Dave
    $400 4
Andrew Young

Paul
    $400 20
spider

Dave
    $400 2
South Carolina

Dave
    $400 26
mozzarella

Dave
    $600 13
his country

Dave
    $600 7
Dag Hammarskjöld

Susan
    $600 17
Amazons

Dave
    $600 5
Andersonville

Paul
    $600 27
grouse

Susan
    $600 22
Cinderfella

Susan
    $800 14
Frank Lloyd Wright

Susan
    $800 10
observer status

Paul
    $800 18
(Susan: Who is Ganymede?)

Pygmalion

SusanDave
    $800 6
Great Britain

Dave
    $500 28
[The end-of-round signal sounds.]

robin

Susan
    $800 23
(Alex: We've got a minute to go.)

Louella Parsons

Paul
    $1000 15
(Alex: [*], the man who discovered Troy.)

(Heinrich) Schliemann

Paul
    $1000 11
(Dave: What is the Secretariat, the uh, the Secretariat, the...)

(3 of) Secretariat, General Assembly, Security Council, International Court of Justice, Economic & Social Council, & Trusteeship Council

Dave
Triple Stumper
    $1000 19
Bacchus

Susan
    $1000 12
(William C.) Quantrill

Susan
    $1000 25
cardinal

Dave
    $1000 24
citronella

Paul

Scores at the end of the Double Jeopardy! Round:

Paul Susan Dave
$5,600 $7,300 $7,000

[wagering suggestions for these scores]

Final Jeopardy! Round responses

AMERICAN LITERATURE
PaulWho was King George III?
$0
DaveWho is King George III
$4,200
SusanWho is George III?
$7,100
King George III

Final scores:

Paul Susan Dave
$5,600 $14,400 $11,200
3rd place: Berkline Super Motion Wall-Away sofa New champion: $14,400 2nd place: Keller dining room furniture + Cutco kitchen knives

Game dynamics:

Coryat scores:

Paul Susan Dave
$5,600 $7,300 $7,000
13 R,
2 W
15 R
(including 3 DDs),
1 W
22 R,
3 W

Combined Coryat: $19,900

[game clues] [game scores] [suggest correction]

Game tape date: 1988-11-29
The J! Archive is created by fans, for fans. Scraping, republication, monetization, and malicious use prohibited; this site may use cookies and collect identifying information. See terms. The Jeopardy! game show and all elements thereof, including but not limited to copyright and trademark thereto, are the property of Jeopardy Productions, Inc. and are protected under law. This website is not affiliated with, sponsored by, or operated by Jeopardy Productions, Inc. Join the discussion at JBoard.tv.